| 000 | 00495nam a2200181Ia 4500 | ||
|---|---|---|---|
| 003 | OSt | ||
| 005 | 20200617102636.0 | ||
| 008 | 190216s9999||||xx |||||||||||||| ||und|| | ||
| 020 | _a9788130703602 | ||
| 040 | _coclc | ||
| 082 |
_a954 _bHUN/B |
||
| 100 |
_aHunter, W W _92497 |
||
| 245 | 2 |
_aA Brief History Of India / _cW W Hunter |
|
| 250 | _aVol 2. | ||
| 260 |
_bCosmo Publications, _c2013. _a New Delhi: |
||
| 300 | _a573p | ||
| 942 |
_cBK _2ddc _h954 _iHUN/B _k954 _mHUN/B |
||
| 999 |
_c21738 _d21738 |
||